书目信息 |
| 题名: |
电气控制线路应用
|
|
| 作者: | 大滨庄司 著 ;卢伯英 译 | |
| 分册: | ||
| 出版信息: | 北京 科学出版社 2005.2 |
|
| 页数: | 309页 | |
| 开本: | 24cm | |
| 丛书名: | OHM图解电气控制线路丛书 | |
| 单 册: | ||
| 中图分类: | TM762-64 | |
| 科图分类: | ||
| 主题词: | 电气设备--dian qi she bei--自动控制--图解 , 电气设备--dian qi she bei , 自动控制--zi dong kong zhi | |
| 电子资源: | ||
| ISBN: | 7-03-014584-4 | |
| 000 | 01255cam2 2200313 450 | |
| 001 | 012006038067 | |
| 005 | 20060329101010.1 | |
| 010 | @a7-03-014584-4@dCNY32.00 | |
| 100 | @a20050716d2005 em y0chiy0121 ea | |
| 101 | 1 | @achi@cjpn |
| 102 | @aCN@b110000 | |
| 105 | @aa z 000yy | |
| 200 | 1 | @a电气控制线路应用@Adian qi kong zhi xian lu ying yong@f(日)大滨庄司著@g卢伯英译 |
| 210 | @a北京@c科学出版社@d2005.2 | |
| 215 | @a309页@c图@d24cm | |
| 225 | 2 | @aOHM图解电气控制线路丛书@AOHM tu jie dian qi kong zhi xian lu cong shu |
| 314 | @a大滨庄司,现任OS综合技术研究所所长、英国IQA登录主任审查员,著有《电气控制线路》。 | |
| 330 | @a本书以图解的形式,介绍了常用的电气设备,如空调机、电梯、电热炉、供排水系统、传送带、电动机,以及时间、压力、温度等多种常用控制系统的结构和顺序控制过程。 | |
| 333 | @a阅读对象:有一定顺序控制基础知识的技术人员等 | |
| 461 | 0 | @12001 @aOHM图解电气控制线路丛书 |
| 606 | 0 | @a电气设备@Adian qi she bei@x自动控制@j图解 |
| 606 | 0 | @a电气设备@Adian qi she bei |
| 606 | 0 | @a自动控制@Azi dong kong zhi |
| 690 | @aTM762-64@v4 | |
| 701 | 0 | @c(日)@a大滨庄司@Ada bin zhuang si@4著 |
| 702 | 0 | @a卢伯英@Alu bo ying@4译 |
| 801 | 0 | @aCN@bSRXX@c20050329 |
| 801 | 2 | @aCN@bSRXX@c20060329 |
| 905 | @a10447@dTM762-64@eD028 | |
| 电气控制线路应用/(日)大滨庄司著/卢伯英译.-北京:科学出版社,2005.2 |
| 309页:图;24cm.-(OHM图解电气控制线路丛书) |
| 使用对象:阅读对象:有一定顺序控制基础知识的技术人员等 |
| ISBN 7-03-014584-4:CNY32.00 |
| 本书以图解的形式,介绍了常用的电气设备,如空调机、电梯、电热炉、供排水系统、传送带、电动机,以及时间、压力、温度等多种常用控制系统的结构和顺序控制过程。 |
| ● |
| 相关链接 |
|
|
|
正题名:电气控制线路应用
索取号:TM762-64/D028
 
预约/预借
| 序号 | 登录号 | 条形码 | 馆藏地/架位号 | 状态 | 备注 |
| 1 | 548879 | 205488792 | 自科库301/301自科库 19排2列3层/ [索取号:TM762-64/D028] | 在馆 | |
| 2 | 548880 | 205488809 | 自科二线404/404自科库 19排3列5层/ [索取号:TM762-64/D028] | 在馆 | |
| 3 | 548881 | 205488818 | 自科库301/301自科库 19排2列3层/ [索取号:TM762-64/D028] | 在馆 |